Biblioteca personal

Descripción de 64 libros leídos y analizados por parte del autor, obras que lo inspiraron y lo hicieron soñar. Desde obras filosóficas, históricas, literarias, hasta de conocimiento matemático son las que componen este prólogo escrito en los años en los que el autor ya denotaba madurez en su labor...

Olles dieđut

Furkejuvvon:
Bibliográfalaš dieđut
Váldodahkki: Borges, Jorge Luis
Materiálatiipa: Girji
Giella:Undetermined
Almmustuhtton: Madrid, España Editorial Alianza 2002
Fáttát:
Fáddágilkorat: Lasit fáddágilkoriid
Eai fáddágilkorat, Lasit vuosttaš fáddágilkora!

MARC

LEADER 00000nam a2200000Ia 4500
008 170316s9999 xx 000 0 und d
040 |a cru BVZT 
090 |a 860 B-32b 
100 |a Borges, Jorge Luis  |9 1174 
245 |a Biblioteca personal  |c / Jorge Luis Borges 
260 |a Madrid, España  |b Editorial Alianza  |c 2002 
300 |a 173 páginas 
520 |a Descripción de 64 libros leídos y analizados por parte del autor, obras que lo inspiraron y lo hicieron soñar. Desde obras filosóficas, históricas, literarias, hasta de conocimiento matemático son las que componen este prólogo escrito en los años en los que el autor ya denotaba madurez en su labor como escritor, y en el que el prólogo se había convertido en un género literario 
650 |a LITERATURA LATINOAMERICANA  |9 15 
650 |a TEXTOS ESCOGIDOS  |9 1175 
650 |a BIBLIOTECA PERSONAL - JORGE LUIS BORGES  |9 1176 
999 |c 8424  |d 8424 
942 |c 15 D  |h 860 B-32b  |2 z